|
|
|
|
| LEADER |
00000nam0a2200000 4500 |
| 001 |
307089 |
| 005 |
20231102001946.0 |
| 035 |
|
|
|a (RuTPU)RU\TPU\book\332382
|
| 090 |
|
|
|a 307089
|
| 100 |
|
|
|a 20151015d1873 k y0rusy50 ca
|
| 101 |
1 |
|
|a rus
|c eng
|
| 102 |
|
|
|a RU
|
| 105 |
|
|
|a y z 000zy
|
| 200 |
1 |
|
|a Древнее право, его связь с древней историей общества и его отношение к новейшим идеям
|f Г. С. Мэн
|g пер. с 4-го английского издания Н. Белозерской
|
| 210 |
|
|
|a Санкт-Петербург
|c Издание Д. Е. Кожанчикова
|c Типография Ф. С. Сущинского
|d 1873
|
| 215 |
|
|
|a II, 312 с.
|
| 317 |
|
|
|5 63413507: 68//323
|a Поступила в НТБ в 1905 г. в составе книжного собрания Н. А. Сборовского.
|
| 610 |
1 |
|
|a юридические науки
|
| 610 |
1 |
|
|a Древнее общество
|
| 610 |
1 |
|
|a древнее право
|
| 610 |
1 |
|
|a история
|
| 610 |
1 |
|
|a коллекция Н. А. Сборовского
|
| 686 |
|
|
|a Х2(0)
|v LBC/SL-A
|2 rubbk
|
| 700 |
|
1 |
|a Мэн (Мейн)
|b Г. Д. С.
|c английский юрист
|c историк права
|f 1822-1888
|g Генри Джеймс Сэмнер
|2 stltpush
|3 (RuTPU)RU\TPU\pers\10026
|9 2131
|
| 702 |
|
1 |
|a Белозерская
|b Н.
|4 730
|
| 801 |
|
1 |
|a RU
|b 63413507
|c 20151015
|
| 801 |
|
2 |
|a RU
|b 63413507
|c 20170320
|g RCR
|
| 942 |
|
|
|c BK
|